000 00882nas a2200289 4500
001 BR0204205
003 BR-BrBNA
005 20231205103206.0
007 ta
008 230509b bl.|||p| |||| 00| 00por d
040 _aBR-BrBNA
_bpor
_cBiblioteca Nacional de Agricultura
041 _a(Pt)
072 _aP10
100 1 _aPereira, R.O.
100 1 _aAntunes, R.M.
100 1 _aQuadro, M.S.
100 1 _aKoetz, P.R.
245 1 _aPós-tratamento de efluentes de reator UASB com filtros anaeróbios
650 _aTRATAMENTO DA ÁGUA
650 _aFILTRO
650 _aRESÍDUO
650 _aCUSTO
773 0 _tRevista Brasileira de Agrociência (Brazil)
_xISSN 0104-8996
_g(Sep-Dec 2001), v.7(3) p. 209-212
_wBR0204205
856 4 0 _uhttp://www.ufpel.tche.br/faem/agrociencia/v7n3/artigo10.pdf
909 _a202311
_bLúcia
_c55
_dLúcia Elande
942 _2AGRIS
_n0
_cANA
999 _c171578
_d171578